Essentials of Marketing / (Record no. 276620)
[ view plain ]
| 000 -LEADER | |
|---|---|
| fixed length control field | 00449nam a2200157 a 4500 |
| 005 - DATE AND TIME OF LATEST TRANSACTION | |
| control field | 20141022142008.0 |
| 008 - FIXED-LENGTH DATA ELEMENTS--GENERAL INFORMATION | |
| fixed length control field | 120228s19uu xx 00 eng d |
| 050 ## - LIBRARY OF CONGRESS CALL NUMBER | |
| Classification number | CD-ROM |
| Item number | P43 2008 |
| 100 ## - MAIN ENTRY--PERSONAL NAME | |
| Personal name | Perreault, William D. Jr. |
| 245 ## - TITLE STATEMENT | |
| Title | Essentials of Marketing / |
| Statement of responsibility, etc | William Perreault Jr., Joseph Cannon, Jerome McCarthy. |
| 250 ## - EDITION STATEMENT | |
| Edition statement | 11th ed. |
| 260 ## - PUBLICATION, DISTRIBUTION, ETC. (IMPRINT) | |
| Date of publication, distribution, etc | 2008. |
| 700 ## - ADDED ENTRY--PERSONAL NAME | |
| Personal name | Cannon, Joseph P. |
| 700 ## - ADDED ENTRY--PERSONAL NAME | |
| Personal name | McCarthy, Jerome E. |
| 942 ## - ADDED ENTRY ELEMENTS (KOHA) | |
| Koha item type | Audio Visual Materials |
| Withdrawn status | Lost status | Damaged status | Home library | Current library | Shelving location | Date acquired | Total Checkouts | Full call number | Barcode | Date last seen | Price effective from | Koha item type |
|---|---|---|---|---|---|---|---|---|---|---|---|---|
| College Library | College Library | Audio Visual Material Section | 02/28/2012 | CD-ROM P43 2008 | BSBA0031 | 04/12/2014 | 04/12/2014 | Audio Visual Materials |